00536nam a2200157Ia 450000500170000000800410001708200130005810000180007124500430008926000910013230000130022365000220023694200060025895200990026499900150036320250314061627.0240331s9999 xx 000 0 und d bILAa894 aIlankeeran, S 0aDhesia ilakkiyamum marabup poraattamum aMadrasbAssociation with National Art & Literary Association by South Asia Booksc1993 a152 p ., aThesiya Illakiyam cL 001040708LaWERCLbWERCLcSSCd2024-03-31l0o 894.811 ILAp3208r2024-03-31w2024-03-31yL c3992d3992